00413nam a2200145Ia 4500100001900000942000700019654001500026245003300041260003500074082001000109300000800119546001200127999001700139952011100156 aElwood/ Buffa  cBK aManagement aModern production management bWiley Eastern Universityc2001 a658.5 a795 aENGLISH c27288d27288 001040708AFTaCRCEbCRCEd2023-03-17g18.00i1502l0o658.5 pAFT951r2023-03-17v18.00w2023-03-17yBK